[Event "Turniej Blitza na II Lidze Juniorów 2018"]
[Site "Szczyrk, Poland"]
[Date "????.??.??"]
[Round "9.29"]
[White "Twardowski, Hubert"]
[Black "Ciasnocha, Michal"]
[Result "1/2-1/2"]
[TimeControl "3'+2\""]
[WhiteElo "1542"]
[BlackElo "1396"]

1. e4 {[%clk 00:03:02]} e5 {[%clk 00:03:03]} {[%emt 00:00:02]} 2. Bc4 {[%clk
00:03:00]} {[%emt 00:00:04]} Nc6 {[%clk 00:03:01]} {[%emt 00:00:04]} 3. d3
{[%clk 00:03:01]} {[%emt 00:00:01]} Nf6 {[%clk 00:03:01]} {[%emt 00:00:02]} 4.
Nc3 {[%clk 00:03:02]} {[%emt 00:00:01]} Be7 {[%clk 00:03:02]} {[%emt 00:00:01]}
5. Nge2 {[%clk 00:02:58]} {[%emt 00:00:06]} O-O {[%clk 00:03:01]} {[%emt
00:00:03]} 6. O-O {[%clk 00:02:57]} {[%emt 00:00:02]} d6 {[%clk 00:03:00]}
{[%emt 00:00:03]} 7. f4 {[%clk 00:02:56]} {[%emt 00:00:03]} exf4 {[%clk
00:03:00]} {[%emt 00:00:02]} 8. Nxf4 {[%clk 00:02:51]} {[%emt 00:00:07]} Bg4
{[%clk 00:02:46]} {[%emt 00:00:16]} 9. Qe1 {[%clk 00:02:49]} {[%emt 00:00:03]}
Nd4 {[%clk 00:02:44]} {[%emt 00:00:05]} 10. Qf2 {[%clk 00:02:44]} {[%emt
00:00:06]} Ne6 {[%clk 00:02:31]} {[%emt 00:00:16]} 11. h3 {[%clk 00:02:35]}
{[%emt 00:00:11]} Nxf4 {[%clk 00:02:26]} {[%emt 00:00:07]} 12. Bxf4 {[%clk
00:02:34]} {[%emt 00:00:02]} Be6 {[%clk 00:02:14]} {[%emt 00:00:15]} 13. Bb3
{[%clk 00:02:32]} {[%emt 00:00:04]} Bxb3 {[%clk 00:02:13]} {[%emt 00:00:02]} 14.
axb3 {[%clk 00:02:33]} {[%emt 00:00:02]} a6 {[%clk 00:02:12]} {[%emt 00:00:03]}
15. Rae1 {[%clk 00:02:31]} {[%emt 00:00:03]} Qd7 {[%clk 00:02:06]} {[%emt
00:00:09]} 16. e5 {[%clk 00:02:11]} {[%emt 00:00:22]} dxe5 {[%clk 00:02:03]}
{[%emt 00:00:05]} 17. Bxe5 {[%clk 00:02:09]} {[%emt 00:00:03]} Rae8 {[%clk
00:01:54]} {[%emt 00:00:11]} 18. Kh1 {[%clk 00:01:48]} {[%emt 00:00:24]} Qc6
{[%clk 00:01:30]} {[%emt 00:00:27]} 19. Bh2 {[%clk 00:01:18]} {[%emt 00:00:31]}
Bd6 {[%clk 00:01:24]} {[%emt 00:00:08]} 20. Bxd6 {[%clk 00:01:13]} {[%emt
00:00:07]} Qxd6 {[%clk 00:01:24]} {[%emt 00:00:01]} 21. Qf3 {[%clk 00:01:12]}
{[%emt 00:00:03]} c6 {[%clk 00:01:22]} {[%emt 00:00:05]} 22. Ne4 {[%clk
00:01:10]} {[%emt 00:00:04]} Nxe4 {[%clk 00:01:20]} {[%emt 00:00:04]} 23. Rxe4
{[%clk 00:01:10]} Re6 {[%clk 00:01:16]} {[%emt 00:00:07]} 24. Rfe1 {[%clk
00:00:53]} {[%emt 00:00:19]} Rfe8 {[%clk 00:01:09]} {[%emt 00:00:09]} 25. R1e3
{[%clk 00:00:53]} {[%emt 00:00:01]} Rxe4 {[%clk 00:00:37]} {[%emt 00:00:34]} 26.
Rxe4 {[%clk 00:00:53]} {[%emt 00:00:02]} Rxe4 {[%clk 00:00:37]} {[%emt
00:00:03]} 27. Qxe4 {[%clk 00:00:53]} {[%emt 00:00:02]} Qd7 {[%clk 00:00:36]}
{[%emt 00:00:02]} 1/2-1/2

[Event "Turniej Blitza na II Lidze Juniorów 2018"]
[Site "Szczyrk, Poland"]
[Date "????.??.??"]
[Round "9.68"]
[White "Taranowicz, Zofia"]
[Black "Krzanowska, Liliana"]
[Result "1-0"]
[TimeControl "3'+2\""]
[WhiteElo "1175"]
[BlackElo "1102"]

1. d4 {[%clk 00:03:01]} {[%emt 00:00:03]} d6 {[%clk 00:03:03]} 2. Nf3 {[%clk
00:03:02]} {[%emt 00:00:01]} Nf6 {[%clk 00:03:01]} {[%emt 00:00:04]} 3. Bf4
{[%clk 00:03:03]} {[%emt 00:00:02]} g6 {[%clk 00:03:02]} {[%emt 00:00:01]} 4.
e3 {[%clk 00:03:04]} {[%emt 00:00:01]} Bg7 {[%clk 00:03:03]} {[%emt 00:00:01]}
5. Bd3 {[%clk 00:03:05]} O-O {[%clk 00:03:03]} {[%emt 00:00:02]} 6. O-O {[%clk
00:03:05]} {[%emt 00:00:01]} c5 {[%clk 00:03:04]} 7. Nbd2 {[%clk 00:02:59]}
{[%emt 00:00:08]} Nc6 {[%clk 00:03:04]} {[%emt 00:00:03]} 8. c3 {[%clk
00:02:54]} {[%emt 00:00:07]} a6 {[%clk 00:03:03]} {[%emt 00:00:03]} 9. Qc2
{[%clk 00:02:51]} {[%emt 00:00:05]} cxd4 {[%clk 00:02:53]} {[%emt 00:00:11]} 10.
exd4 {[%clk 00:02:46]} {[%emt 00:00:08]} e6 {[%clk 00:02:40]} {[%emt 00:00:15]}
11. Rfe1 {[%clk 00:02:44]} {[%emt 00:00:04]} d5 {[%clk 00:02:31]} {[%emt
00:00:11]} 12. Bg5 {[%clk 00:02:44]} {[%emt 00:00:01]} Re8 {[%clk 00:02:30]}
{[%emt 00:00:04]} 13. Ne5 {[%clk 00:02:40]} {[%emt 00:00:06]} h6 {[%clk
00:02:23]} {[%emt 00:00:09]} 14. Bh4 {[%clk 00:02:41]} {[%emt 00:00:02]} Qc7
{[%clk 00:02:12]} {[%emt 00:00:12]} 15. Ndf3 {[%clk 00:02:23]} {[%emt
00:00:20]} Nxe5 {[%clk 00:01:48]} {[%emt 00:00:26]} 16. Nxe5 {[%clk 00:02:16]}
{[%emt 00:00:09]} g5 {[%clk 00:01:41]} {[%emt 00:00:09]} 17. Bg3 {[%clk
00:02:17]} {[%emt 00:00:01]} Nh5 {[%clk 00:01:40]} {[%emt 00:00:02]} 18. Nf3
{[%clk 00:01:51]} {[%emt 00:00:28]} Nxg3 {[%clk 00:01:29]} {[%emt 00:00:15]} 19.
hxg3 {[%clk 00:01:51]} {[%emt 00:00:02]} f5 {[%clk 00:01:23]} {[%emt 00:00:07]}
20. Bxf5 {[%clk 00:01:44]} {[%emt 00:00:08]} Bd7 {[%clk 00:00:34]} {[%emt
00:00:51]} 21. Bh7+ {[%clk 00:01:43]} {[%emt 00:00:03]} Kh8 {[%clk 00:00:33]}
{[%emt 00:00:03]} 22. Bg6 {[%clk 00:01:37]} {[%emt 00:00:08]} Re7 {[%clk
00:00:29]} {[%emt 00:00:06]} 23. Re2 {[%clk 00:01:33]} {[%emt 00:00:07]} Rf8
{[%clk 00:00:14]} {[%emt 00:00:17]} 24. Rae1 {[%clk 00:01:18]} {[%emt
00:00:16]} Be8 {[%clk 00:00:08]} {[%emt 00:00:08]} 25. Ne5 {[%clk 00:01:14]}
{[%emt 00:00:06]} Qc8 {[%clk 00:00:04]} {[%emt 00:00:07]} 26. Bxe8 {[%clk
00:01:11]} {[%emt 00:00:05]} Rfxe8 {[%clk 00:00:05]} {[%emt 00:00:01]} 27. Ng6+
{[%clk 00:01:12]} {[%emt 00:00:02]} Kg8 {[%clk 00:00:05]} {[%emt 00:00:02]} 28.
Nxe7+ {[%clk 00:01:12]} {[%emt 00:00:01]} Rxe7 {[%clk 00:00:06]} {[%emt
00:00:01]} 29. Qg6 {[%clk 00:01:09]} {[%emt 00:00:05]} Qe8 {[%clk 00:00:06]}
{[%emt 00:00:02]} 30. Qxe8+ {[%clk 00:01:06]} {[%emt 00:00:05]} Rxe8 {[%clk
00:00:06]} {[%emt 00:00:01]} 31. Rxe6 {[%clk 00:01:05]} {[%emt 00:00:03]} Rxe6
{[%clk 00:00:07]} {[%emt 00:00:01]} 32. Rxe6 {[%clk 00:01:06]} {[%emt
00:00:02]} Kh7 {[%clk 00:00:06]} {[%emt 00:00:03]} 33. Re7 {[%clk 00:01:06]}
{[%emt 00:00:02]} b5 {[%clk 00:00:06]} {[%emt 00:00:01]} 34. Rd7 {[%clk
00:01:04]} {[%emt 00:00:05]} a5 {[%clk 00:00:06]} {[%emt 00:00:02]} 35. Rxd5
{[%clk 00:01:03]} {[%emt 00:00:03]} b4 {[%clk 00:00:06]} {[%emt 00:00:01]} 36.
cxb4 {[%clk 00:01:02]} {[%emt 00:00:04]} axb4 {[%clk 00:00:07]} {[%emt
00:00:01]} 37. Rd7 {[%clk 00:00:54]} {[%emt 00:00:10]} h5 {[%clk 00:00:07]}
{[%emt 00:00:02]} 38. d5 {[%clk 00:00:52]} {[%emt 00:00:04]} Kh6 {[%clk
00:00:06]} {[%emt 00:00:03]} 39. Rxg7 Kxg7 {[%clk 00:00:06]} 40. d6 {[%clk
00:00:48]} Kf7 {[%clk 00:00:07]} {[%emt 00:00:02]} 41. Kf1 {[%clk 00:00:43]}
{[%emt 00:00:08]} Ke6 {[%clk 00:00:07]} 42. d7 {[%clk 00:00:42]} {[%emt
00:00:03]} Kxd7 {[%clk 00:00:08]} {[%emt 00:00:01]} 43. Ke2 {[%clk 00:00:39]}
{[%emt 00:00:06]} Ke6 {[%clk 00:00:08]} 44. Ke3 {[%clk 00:00:38]} {[%emt
00:00:03]} Ke5 {[%clk 00:00:09]} {[%emt 00:00:01]} 45. f4+ {[%clk 00:00:37]}
{[%emt 00:00:03]} gxf4+ {[%clk 00:00:10]} {[%emt 00:00:03]} 46. gxf4+ {[%clk
00:00:38]} Kf5 {[%clk 00:00:11]} 47. g3 {[%clk 00:00:36]} {[%emt 00:00:04]} Kf6
{[%clk 00:00:10]} {[%emt 00:00:03]} 48. a4 {[%clk 00:00:30]} {[%emt 00:00:08]}
bxa3 {[%clk 00:00:10]} {[%emt 00:00:02]} 49. bxa3 {[%clk 00:00:31]} {[%emt
00:00:02]} Ke6 {[%clk 00:00:11]} {[%emt 00:00:01]} 50. a4 {[%clk 00:00:31]}
{[%emt 00:00:02]} Kd6 {[%clk 00:00:12]} 51. a5 {[%clk 00:00:31]} {[%emt
00:00:02]} Kc6 {[%clk 00:00:13]} {[%emt 00:00:01]} 52. f5 {[%clk 00:00:33]} Kb5
{[%clk 00:00:13]} {[%emt 00:00:01]} 53. f6 {[%clk 00:00:34]} Kxa5 {[%clk
00:00:13]} {[%emt 00:00:03]} 54. f7 {[%clk 00:00:35]} Kb6 {[%clk 00:00:13]}
{[%emt 00:00:02]} 55. f8=Q {[%clk 00:00:32]} {[%emt 00:00:04]} Kc7 {[%clk
00:00:14]} {[%emt 00:00:01]} 56. Qf7+ {[%clk 00:00:27]} {[%emt 00:00:08]} Kd8
{[%clk 00:00:14]} {[%emt 00:00:01]} 57. Ke4 {[%clk 00:00:27]} {[%emt 00:00:03]}
Kc8 {[%clk 00:00:14]} {[%emt 00:00:02]} 58. Kd5 {[%clk 00:00:28]} h4 {[%clk
00:00:14]} {[%emt 00:00:02]} 59. Kc6 {[%clk 00:00:28]} {[%emt 00:00:01]} hxg3
{[%clk 00:00:13]} {[%emt 00:00:04]} 60. Qc7# {[%emt 00:00:01]} 1-0

[Event "Turniej Blitza na II Lidze Juniorów 2018"]
[Site "Szczyrk, Poland"]
[Date "????.??.??"]
[Round "9.19"]
[White "Partyka, Pawel"]
[Black "Oles, Martin"]
[Result "0-1"]
[TimeControl "3'+2\""]
[WhiteElo "1772"]
[BlackElo "1507"]

1. c4 {[%clk 00:03:03]} {[%emt 00:05:44]} c6 {[%clk 00:03:01]} {[%emt
00:00:04]} 2. Nc3 {[%clk 00:03:01]} {[%emt 00:00:04]} Nf6 {[%clk 00:03:01]}
{[%emt 00:00:02]} 3. g3 {[%clk 00:03:02]} d5 {[%clk 00:03:01]} {[%emt
00:00:02]} 4. cxd5 {[%clk 00:03:02]} {[%emt 00:00:01]} cxd5 {[%clk 00:03:01]}
{[%emt 00:00:02]} 5. d4 {[%clk 00:03:04]} g6 {[%clk 00:03:02]} {[%emt
00:00:02]} 6. Bg2 {[%clk 00:03:05]} Bg7 {[%clk 00:02:59]} {[%emt 00:00:05]} 7.
Nf3 {[%clk 00:03:04]} {[%emt 00:00:02]} e6 {[%clk 00:03:00]} {[%emt 00:00:02]}
8. O-O {[%clk 00:03:04]} {[%emt 00:00:02]} O-O {[%clk 00:02:53]} {[%emt
00:00:09]} 9. Bf4 {[%clk 00:03:04]} {[%emt 00:00:02]} Bd7 {[%clk 00:02:50]}
{[%emt 00:00:06]} 10. Ne5 {[%clk 00:03:01]} {[%emt 00:00:04]} Nc6 {[%clk
00:02:44]} {[%emt 00:00:07]} 11. Rc1 {[%clk 00:02:52]} {[%emt 00:00:10]} Rc8
{[%clk 00:02:42]} {[%emt 00:00:05]} 12. Qd2 {[%clk 00:02:51]} {[%emt 00:00:02]}
Nxe5 {[%clk 00:02:32]} {[%emt 00:00:13]} 13. Bxe5 {[%clk 00:02:38]} {[%emt
00:00:15]} Bc6 {[%clk 00:02:22]} {[%emt 00:00:13]} 14. b4 {[%clk 00:02:31]}
{[%emt 00:00:08]} a6 {[%clk 00:02:23]} {[%emt 00:00:01]} 15. a4 {[%clk
00:02:31]} {[%emt 00:00:02]} Ne4 {[%clk 00:01:52]} {[%emt 00:00:33]} 16. Nxe4
{[%clk 00:02:11]} {[%emt 00:00:21]} dxe4 {[%clk 00:01:48]} {[%emt 00:00:07]} 17.
Bxg7 {[%clk 00:02:09]} {[%emt 00:00:04]} Kxg7 {[%clk 00:01:46]} {[%emt
00:00:04]} 18. a5 {[%clk 00:01:46]} {[%emt 00:00:25]} Qd5 {[%clk 00:01:24]}
{[%emt 00:00:24]} 19. Rfd1 {[%clk 00:01:43]} {[%emt 00:00:05]} e3 {[%clk
00:01:20]} {[%emt 00:00:07]} 20. Bxd5 {[%clk 00:00:55]} {[%emt 00:00:48]} exd2
{[%clk 00:01:20]} {[%emt 00:00:03]} 21. Rxc6 {[%clk 00:00:43]} {[%emt
00:00:14]} bxc6 {[%clk 00:01:08]} {[%emt 00:00:14]} 22. Bc4 {[%clk 00:00:44]}
Rb8 {[%clk 00:01:03]} {[%emt 00:00:07]} 23. Rxd2 {[%clk 00:00:39]} {[%emt
00:00:07]} Rxb4 {[%clk 00:01:03]} {[%emt 00:00:02]} 24. Bxa6 {[%clk 00:00:40]}
{[%emt 00:00:01]} Ra4 {[%clk 00:01:01]} {[%emt 00:00:04]} 25. Bb7 {[%clk
00:00:40]} {[%emt 00:00:01]} Rxa5 {[%clk 00:01:01]} {[%emt 00:00:03]} 26. Bxc6
{[%clk 00:00:41]} {[%emt 00:00:01]} Rd8 {[%clk 00:01:00]} {[%emt 00:00:03]} 27.
e3 {[%clk 00:00:41]} {[%emt 00:00:02]} h5 {[%clk 00:00:50]} {[%emt 00:00:12]}
28. Rb2 {[%clk 00:00:42]} {[%emt 00:00:01]} Ra1+ {[%clk 00:00:38]} {[%emt
00:00:14]} 29. Kg2 {[%clk 00:00:43]} Rc8 {[%clk 00:00:36]} {[%emt 00:00:04]} 30.
Bf3 {[%clk 00:00:40]} {[%emt 00:00:05]} Rcc1 {[%clk 00:00:37]} {[%emt
00:00:02]} 31. Be2 {[%clk 00:00:37]} {[%emt 00:00:05]} g5 {[%clk 00:00:35]}
{[%emt 00:00:04]} 32. Bxh5 {[%clk 00:00:34]} {[%emt 00:00:05]} f5 {[%clk
00:00:30]} {[%emt 00:00:07]} 33. Rb7+ {[%clk 00:00:35]} {[%emt 00:00:01]} Kh6
{[%clk 00:00:30]} {[%emt 00:00:02]} 34. Be8 {[%clk 00:00:24]} {[%emt 00:00:13]}
g4 {[%clk 00:00:24]} {[%emt 00:00:07]} 35. f3 {[%clk 00:00:17]} {[%emt
00:00:10]} Ra2+ {[%clk 00:00:25]} {[%emt 00:00:01]} 0-1

[Event "Turniej Blitza na II Lidze Juniorów 2018"]
[Site "Szczyrk, Poland"]
[Date "????.??.??"]
[Round "9.41"]
[White "Burdzicki, Jan"]
[Black "Skrzypinski, Jan"]
[Result "1-0"]
[TimeControl "3'+2\""]
[WhiteElo "1491"]
[BlackElo "1231"]

1. d4 {[%clk 00:03:04]} {[%emt 00:00:52]} f5 {[%clk 00:03:03]} {[%emt
00:00:02]} 2. e4 {[%clk 00:03:01]} {[%emt 00:00:05]} fxe4 {[%clk 00:03:01]}
{[%emt 00:00:03]} 3. Nc3 {[%clk 00:03:03]} {[%emt 00:00:01]} Nf6 {[%clk
00:03:02]} {[%emt 00:00:01]} 4. Bg5 {[%clk 00:03:04]} d5 {[%clk 00:03:01]}
{[%emt 00:00:03]} 5. Bxf6 {[%clk 00:03:03]} {[%emt 00:00:03]} exf6 {[%clk
00:03:01]} {[%emt 00:00:02]} 6. Qh5+ {[%clk 00:03:03]} {[%emt 00:00:02]} g6
{[%clk 00:03:02]} {[%emt 00:00:01]} 7. Qxd5 {[%clk 00:03:02]} {[%emt 00:00:03]}
Qxd5 {[%clk 00:03:03]} {[%emt 00:00:02]} 8. Nxd5 {[%clk 00:03:03]} Kd8 {[%clk
00:02:36]} {[%emt 00:00:29]} 9. Nxf6 {[%clk 00:02:55]} {[%emt 00:00:10]} Bg7
{[%clk 00:02:36]} {[%emt 00:00:01]} 10. Nxe4 {[%clk 00:02:51]} {[%emt
00:00:06]} Bf5 {[%clk 00:02:36]} {[%emt 00:00:01]} 11. Bd3 {[%clk 00:02:27]}
{[%emt 00:00:27]} Re8 {[%clk 00:02:35]} {[%emt 00:00:03]} 12. f3 {[%clk
00:02:27]} {[%emt 00:00:02]} Bxd4 {[%clk 00:02:36]} {[%emt 00:00:02]} 13. O-O-O
{[%clk 00:02:21]} {[%emt 00:00:07]} Be3+ {[%clk 00:02:29]} {[%emt 00:00:08]} 14.
Kb1 {[%clk 00:02:22]} {[%emt 00:00:02]} Kc8 {[%clk 00:01:59]} {[%emt 00:00:29]}
15. Ne2 {[%clk 00:02:02]} {[%emt 00:00:24]} Nc6 {[%clk 00:01:42]} {[%emt
00:00:18]} 16. N2g3 {[%clk 00:01:54]} {[%emt 00:00:12]} Bxe4 {[%clk 00:01:39]}
{[%emt 00:00:05]} 17. Bxe4 {[%clk 00:01:52]} {[%emt 00:00:03]} Ne5 {[%clk
00:01:21]} {[%emt 00:00:21]} 18. Rhe1 {[%clk 00:01:48]} {[%emt 00:00:06]} Bf2
{[%clk 00:01:14]} {[%emt 00:00:08]} 19. Re2 {[%clk 00:01:47]} {[%emt 00:00:03]}
Bxg3 {[%clk 00:01:13]} {[%emt 00:00:04]} 20. hxg3 {[%clk 00:01:48]} {[%emt
00:00:01]} Nd7 {[%clk 00:01:05]} {[%emt 00:00:07]} 21. Red2 {[%clk 00:01:30]}
{[%emt 00:00:23]} Nc5 {[%clk 00:01:03]} {[%emt 00:00:04]} 22. Bd5 {[%clk
00:01:26]} {[%emt 00:00:06]} c6 {[%clk 00:01:00]} {[%emt 00:00:05]} 23. Bc4
{[%clk 00:01:23]} {[%emt 00:00:03]} b5 {[%clk 00:00:38]} {[%emt 00:00:26]} 24.
Bf7 {[%clk 00:01:13]} {[%emt 00:00:11]} Re7 {[%clk 00:00:37]} {[%emt 00:00:04]}
25. Rd8+ {[%clk 00:01:08]} {[%emt 00:00:06]} Kb7 {[%clk 00:00:38]} {[%emt
00:00:03]} 26. Rxa8 {[%clk 00:01:06]} {[%emt 00:00:03]} Kxa8 {[%clk 00:00:37]}
{[%emt 00:00:04]} 27. Bb3 {[%clk 00:00:49]} {[%emt 00:00:19]} Kb7 {[%clk
00:00:33]} {[%emt 00:00:06]} 28. Kc1 {[%clk 00:00:46]} {[%emt 00:00:04]} Nxb3+
{[%clk 00:00:24]} {[%emt 00:00:12]} 29. axb3 {[%clk 00:00:46]} {[%emt
00:00:02]} Re2 {[%clk 00:00:23]} {[%emt 00:00:03]} 30. Rd7+ {[%clk 00:00:38]}
{[%emt 00:00:10]} Kb6 {[%clk 00:00:21]} {[%emt 00:00:05]} 31. Rxh7 {[%clk
00:00:33]} {[%emt 00:00:06]} Rxg2 {[%clk 00:00:22]} {[%emt 00:00:01]} 32. g4
{[%clk 00:00:34]} Rg3 {[%clk 00:00:23]} 33. Rf7 {[%clk 00:00:32]} {[%emt
00:00:04]} Rg1+ {[%clk 00:00:24]} {[%emt 00:00:01]} 34. Kd2 {[%clk 00:00:33]}
{[%emt 00:00:01]} Rb1 {[%clk 00:00:22]} {[%emt 00:00:04]} 35. Kc3 {[%clk
00:00:32]} {[%emt 00:00:03]} Rf1 {[%clk 00:00:19]} {[%emt 00:00:05]} 36. f4
{[%clk 00:00:32]} {[%emt 00:00:02]} Rg1 {[%clk 00:00:18]} {[%emt 00:00:02]} 37.
g5 {[%clk 00:00:32]} {[%emt 00:00:03]} Rg4 {[%clk 00:00:18]} {[%emt 00:00:02]}
38. Kd4 {[%clk 00:00:32]} {[%emt 00:00:03]} Rg2 {[%clk 00:00:13]} {[%emt
00:00:06]} 39. Ke5 {[%clk 00:00:27]} {[%emt 00:00:07]} Rxc2 {[%clk 00:00:11]}
{[%emt 00:00:04]} 40. Kf6 {[%clk 00:00:27]} {[%emt 00:00:02]} Rxb2 {[%clk
00:00:12]} {[%emt 00:00:02]} 41. Kxg6 {[%clk 00:00:28]} Rxb3 {[%clk 00:00:13]}
{[%emt 00:00:02]} 42. Kf5 {[%clk 00:00:20]} {[%emt 00:00:11]} a5 {[%clk
00:00:10]} {[%emt 00:00:04]} 43. g6 {[%clk 00:00:19]} {[%emt 00:00:03]} a4
{[%clk 00:00:03]} {[%emt 00:00:08]} 44. Rf8 {[%clk 00:00:14]} {[%emt 00:00:07]}
Rg3 {[%clk 00:00:03]} {[%emt 00:00:02]} 45. Kf6 {[%clk 00:00:13]} {[%emt
00:00:03]} Rxg6 {[%clk 00:00:04]} {[%emt 00:00:01]} 46. Kxg6 {[%clk 00:00:14]}
{[%emt 00:00:02]} c5 {[%clk 00:00:04]} {[%emt 00:00:01]} 47. f5 {[%clk
00:00:14]} {[%emt 00:00:02]} a3 {[%emt 00:00:01]} 48. Rb8+ {[%clk 00:00:14]}
{[%emt 00:00:02]} Kc6 {[%clk 00:00:04]} {[%emt 00:00:02]} 49. Ra8 {[%clk
00:00:15]} {[%emt 00:00:02]} b4 {[%clk 00:00:06]} {[%emt 00:00:01]} 50. f6
{[%clk 00:00:16]} c4 {[%clk 00:00:04]} {[%emt 00:00:03]} 51. f7 {[%clk
00:00:16]} {[%emt 00:00:02]} b3 {[%clk 00:00:04]} {[%emt 00:00:03]} 52. Rxa3
{[%clk 00:00:15]} {[%emt 00:00:03]} b2 {[%clk 00:00:03]} {[%emt 00:00:03]} 53.
f8=Q {[%clk 00:00:07]} {[%emt 00:00:10]} b1=Q {[%clk 00:00:04]} {[%emt
00:00:01]} 54. Qf5 {[%clk 00:00:07]} {[%emt 00:00:01]} Qg1 {[%clk 00:00:04]}
{[%emt 00:00:02]} 55. Kf7 {[%emt 00:00:06]} 1-0

[Event "Turniej Blitza na II Lidze Juniorów 2018"]
[Site "Szczyrk, Poland"]
[Date "????.??.??"]
[Round "9.6"]
[White "Musial, Tomasz"]
[Black "Praczukowski, Stanislaw"]
[Result "0-1"]
[TimeControl "3'+2\""]
[WhiteElo "1833"]
[BlackElo "2078"]

1. e4 {[%clk 00:03:03]} {[%emt 00:00:01]} c5 {[%clk 00:03:03]} 2. Nf3 {[%clk
00:03:04]} d6 {[%clk 00:03:05]} 3. d4 {[%clk 00:03:05]} {[%emt 00:00:03]} cxd4
{[%clk 00:03:06]} 4. Nxd4 {[%clk 00:03:06]} {[%emt 00:00:01]} Nf6 {[%clk
00:03:06]} {[%emt 00:00:01]} 5. Nc3 {[%clk 00:03:07]} {[%emt 00:00:01]} a6
{[%clk 00:03:07]} 6. h3 {[%clk 00:03:08]} {[%emt 00:00:01]} e6 {[%clk
00:03:05]} {[%emt 00:00:04]} 7. g4 {[%clk 00:03:08]} {[%emt 00:00:03]} Nfd7
{[%clk 00:03:06]} 8. Bg2 {[%clk 00:03:07]} {[%emt 00:00:03]} Be7 {[%clk
00:03:07]} 9. Be3 {[%clk 00:03:08]} {[%emt 00:00:02]} Nc6 {[%clk 00:03:04]}
{[%emt 00:00:04]} 10. O-O {[%clk 00:03:03]} {[%emt 00:00:08]} Nde5 {[%clk
00:03:00]} {[%emt 00:00:06]} 11. b3 {[%clk 00:02:50]} {[%emt 00:00:15]} Qc7
{[%clk 00:02:38]} {[%emt 00:00:23]} 12. f4 {[%clk 00:02:15]} {[%emt 00:00:38]}
Nd7 {[%clk 00:02:31]} {[%emt 00:00:09]} 13. f5 {[%clk 00:02:05]} {[%emt
00:00:12]} Nxd4 {[%clk 00:02:21]} {[%emt 00:00:11]} 14. Bxd4 {[%clk 00:02:04]}
{[%emt 00:00:03]} O-O {[%clk 00:02:18]} {[%emt 00:00:06]} 15. Qd2 {[%clk
00:01:29]} {[%emt 00:00:36]} Ne5 {[%clk 00:02:17]} {[%emt 00:00:04]} 16. a4
{[%clk 00:01:19]} {[%emt 00:00:12]} Bd7 {[%clk 00:02:15]} {[%emt 00:00:04]} 17.
a5 {[%clk 00:01:07]} {[%emt 00:00:14]} Rac8 {[%clk 00:02:00]} {[%emt 00:00:16]}
18. Rfc1 {[%clk 00:00:40]} {[%emt 00:00:29]} h6 {[%clk 00:01:45]} {[%emt
00:00:18]} 19. Na4 {[%clk 00:00:35]} {[%emt 00:00:07]} Bxa4 {[%clk 00:01:44]}
{[%emt 00:00:03]} 20. Rxa4 {[%clk 00:00:31]} {[%emt 00:00:06]} Bg5 {[%clk
00:01:45]} {[%emt 00:00:01]} 21. Be3 {[%clk 00:00:26]} {[%emt 00:00:06]} Qc5
{[%clk 00:01:33]} {[%emt 00:00:14]} 22. Bxc5 {[%clk 00:00:22]} {[%emt
00:00:07]} Bxd2 {[%clk 00:01:34]} 23. Rd1 {[%clk 00:00:23]} {[%emt 00:00:02]}
dxc5 {[%clk 00:01:22]} {[%emt 00:00:14]} 24. Rxd2 {[%clk 00:00:23]} {[%emt
00:00:02]} Rfd8 {[%clk 00:01:21]} {[%emt 00:00:04]} 25. Rxd8+ {[%clk 00:00:04]}
{[%emt 00:00:20]} Rxd8 {[%clk 00:01:22]} 26. Ra1 {[%clk 00:00:06]} Rd2 {[%clk
00:01:20]} {[%emt 00:00:03]} 27. Rc1 {[%clk 00:00:07]} {[%emt 00:00:01]} Kf8
{[%clk 00:01:16]} {[%emt 00:00:07]} 28. fxe6 {[%clk 00:00:08]} fxe6 {[%clk
00:01:16]} {[%emt 00:00:01]} 29. c3 {[%clk 00:00:10]} Ke7 {[%clk 00:01:14]}
{[%emt 00:00:04]} 30. b4 {[%clk 00:00:11]} c4 {[%clk 00:01:08]} {[%emt
00:00:09]} 31. Kf1 {[%clk 00:00:08]} {[%emt 00:00:05]} Nd3 {[%clk 00:01:07]}
{[%emt 00:00:03]} 32. h4 {[%clk 00:00:08]} {[%emt 00:00:02]} Nxc1 {[%clk
00:01:08]} 0-1